Sports Quiz

Random Sports or NHL Quiz

Russian Hockey Players (Slideshow) Quiz Stats

Quiz not verified by Sporcle

Challenge
Share
Tweet
Quiz undergoing renovation; please come back later!
Score 0/30 Timer 10:00
0 Plays Today
% Correct
Pavel Datsyuk
98.6%
Alexander Ovechkin
96.3%
Yevgeny Malkin
94.9%
Ilya Kovalchuk
90.3%
Sergei Bobrovsky
88%
Andrei Markov
81.5%
Nail Yakupov
80.1%
Vladimir Tarasenko
78.7%
Alexander Radulov
63%
Yevgeny Kuznetsov
31.5%
Sergei Mozyakin
18.1%
Artemy Panarin
0%
Nikita Kucherov
0%
Kirill Kaprizov
0%
Valery Nichushkin
0%
% Correct
Andrei Vasilevskiy
0%
Ivan Provorov
0%
Pavel Buchnevich
0%
Vasily Koshechkin
0%
Nikita Filatov
0%
Alexander Frolov
0%
Maxim Afinogenov
0%
Andrei Svechnikov
0%
Nikita Gusev
0%
Yevgeny Dadonov
0%
Vadim Shipachyov
0%
Ilya Sorokin
0%
Igor Shestyorkin
0%
Artyom Anisimov
0%
Nikita Zaitsev
0%

You're not logged in!

Compare scores with friends on all Sporcle quizzes.
Sign Up with Email
OR
Log In

You Might Also Like...

Show Comments

Extras

Top Quizzes Today


Score Distribution

Your Account Isn't Verified!

In order to create a playlist on Sporcle, you need to verify the email address you used during registration. Go to your Sporcle Settings to finish the process.